| 000 | 03506 a2200229 4500 | ||
|---|---|---|---|
| 999 |
_c10907 _d10907 |
||
| 020 | _a9788131253014 | ||
| 050 |
_aRD81 _b.PAR 2018 |
||
| 100 |
_aPardo, Manuel, 1965- _eeditor |
||
| 245 |
_aBasics of anesthesia / _cManuel Pardo, Ronald D. Miller |
||
| 250 | _aFirst South Asia Edition | ||
| 264 |
_a Philadelphia, PA: _bElsevier, _c2018 |
||
| 300 |
_a xv, 868 pages : illustrations (chiefly color) _b 1 online resource |
||
| 336 |
_1text _ardacontent _btxt |
||
| 337 |
_1unmediated _ardamedia _bn |
||
| 338 |
_1voume _ardacarrier _bnc |
||
| 500 | _a Preceded by Basics of anesthesia / Ronald D. Miller, Manuel C. Pardo Jr. 6th ed. c2011 | ||
| 505 | _aScope of anesthesia practice Learning anesthesia Anesthesia and health information technology Basic pharmacologic principles Clinical cardiac and pulmonary physiology Autonomic nervous system Inhaled anesthetics Intravenous anesthetics Opioids Local anesthetics Neuromuscular blocking drugs Anesthetic neurotoxicity Preoperative evaluation and medication Choice of anesthetic technique Anesthesia delivery systems Airway management Spinal, epidural, and caudal anesthesia Peripheral nerve blocks Patient positioning and associated risks Anesthetic monitoring Acid-base balance and blood gas analysis Hemostasis Fluid management Blood therapy Cardiovascular disease Congenital heart disease Chronic pulmonary disease and thoracic anesthesia Renal, liver, and biliary tract disease Nutritional, gastrointestinal, and endocrine disease Central nervous system disease Ophthalmology and otolaryngology Orthopedic surgery Obstetrics Pediatrics Elderly patients Organ transplantation Outpatient anesthesia Anesthesia for procedures in non-operating room locations Postanesthesia recovery Perioperative pain management Critical care medicine Anesthesia for trauma Human-induced and natural disasters Chronic pain management Cardiopulmonary resuscitation Operating room management Awareness under anesthesia Quality and patient safety in anesthesia care Palliative care Sleep medicine and anesthesia New models of anesthesia care : perioperative medicine, the perioperative surgical home, and population health | ||
| 520 | _aWith the most authoritative and complete overview of anesthesia theory and practice, the latest edition of of this book, edited by noted anesthesiologist Ronald D. Miller, MD and Manuel C. Pardo, Jr., MD, continues to serve as an primer on the scope and practice of anesthesiology. Widely acknowledged as the foremost introductory text, the new edition-now presented in full color throughout-has been thoroughly updated to reflect new and rapidly changing areas in anesthesia practice including new chapters on awareness under anesthesia, quality and patient safety, orthopedics, and expanded coverage of new ultrasound techniques in regional anesthesiology with detailed illustrated guidance. Discover the newest in anesthesiology with rigorously updated chapters and the addition of appropriate new chapters on important emerging topics such as awareness under anesthesia; quality and patient safety; orthopedics; and expanded coverage of new ultrasound techniques in regional anesthesiology. Clear and concise information written by a known anesthesiologist in the world, Dr. Ronald Miller, and a new co-editor Dr. Manuel Pardo, makes difficult concepts easier to understand | ||
| 650 | _aAnesthesia | ||
| 700 |
_aMiller, Ronald D., 1939-; _eeditor |
||
| 942 |
_2lcc _cBK _h81 _iPAR _kRD |
||